000 00887nam a2200301 4500
005 20260322212055.0
008 data
010 _a 72085137
040 _aDLC
_cDLC
_dDLC
043 _an------
050 0 0 _aE98.P6
_bM37
082 0 0 _a970.1
092 _a970.1 M37 1973
100 1 _aMartineau, LaVan.
245 1 4 _aThe rocks begin to speak.
_cLaVan Martineau.
250 _a[1st ed.]
260 _aLas Vegas, Nev.,
_bKC Publications
_c[1973]
300 _axiv, 210 p.
_billus.
_c27 cm.
350 _a{dollar}8.95
504 _aBibliography: p. 197-199.
650 0 _aIndians of North America
_xAntiquities.
650 0 _aRock paintings
_zNorth America.
650 0 _aPetroglyphs
_zNorth America.
651 0 _aNorth America
_xAntiquities.
906 _a7
_bcbc
_corignew
_d2
_eopcn
_f19
_gy-gencatlg
991 _bc-GenColl
_hE98.P6
_iM37
_p00008539376
_tCopy 1
_wBOOKS
001 data
999 _c1305
_d1305